000 01037nam2a22002291 4500
001 rc\2216751
005 20250623002138.0
035 _a(NLR Aleph) 006488932
090 _a6111890
_c6111890
100 _a20110829d1978 |||y0rusy50 ca
101 0 _arus
102 _aRU
105 _ay z |||||
200 0 _a... в 1977 году
210 _d1978
_aБ. м.
215 _a13 с.
461 0 _1001rc\2216750
_12001#$aАннотированный перечень работ Росбытнота, вышедших...$fМ-во быт. облуживания населения РСФСР. ЦБНТИ...$v... в 1977 году
_96111883
_a"Росбытнот", центр (Москва)
_cМосква
_d1978
_fМ-во быт. облуживания населения РСФСР. ЦБНТИ...
_nБ. и.
_tАннотированный перечень работ Росбытнота, вышедших...
_v... в 1977 году
801 0 _aRU
_bNLR
_gpsbo
801 1 _aRU
_bELAR
_2rusmarc
852 _aNLR
_j77-4/2875
942 _cBOOK
980 _aNB